000 00547nam a2200193Ia 4500
003 LK-CoDNM
005 20241206102353.0
008 010623t xxu||||| |||| 00| 1 sin d
040 _aLK-CoDNM
_dLK-CoDNM
_eLK-CoDNM
041 _asin
080 _a294.3.2
_b SID
100 _aSiddhartha Thero,Madugalle.
245 _aඅභිනව කතිකාවත බණ දහම් පොත
246 _aAbhinava Kathikawatha Saha Bana Daham Pota
260 _bGunasena
_aColombo
300 _b103p. : 21 cm
650 _aBuddhism
942 _cBK
999 _c137196
_d137196